La pasajera y otros cuentos / (Record no. 149376)

MARC details
000 -LEADER
campo de control de longitud fija 00672nam a2200217 i 4500
001 - NÚMERO DE CONTROL
campo de control 149376
003 - IDENTIFICADOR DE NÚMERO DE CONTROL
campo de control ES-MaACL
005 - FECHA Y HORA DE LA ÚLTIMA TRANSACCIÓN
campo de control 20230906203056.0
007 - CAMPO FIJO DE DESCRIPCIÓN FÍSICA--INFORMACIÓN GENERAL
campo de control de longitud fija t|
008 - DATOS DE LONGITUD FIJA--INFORMACIÓN GENERAL
campo de control de longitud fija 071022s1982 sp ||||1| spa d
100 1# - ENTRADA PRINCIPAL--NOMBRE DE PERSONA
Nombre de persona Varea, Luciano.
9 (RLIN) 113125
245 13 - MENCIÓN DEL TÍTULO
Título La pasajera y otros cuentos /
Mención de responsabilidad, etc. Luciano Varea.
260 ## - PUBLICACIÓN, DISTRIBUCIÓN, ETC.
Lugar de publicación, distribución, etc. Zaragoza :
Nombre del editor, distribuidor, etc. [Institución Fernando el Católico],
Fecha de publicación, distribución, etc. 1982.
300 ## - DESCRIPCIÓN FÍSICA
Extensión 119 p. ;
Dimensiones 17 cm.
490 1# - MENCIÓN DE SERIE
Mención de serie Narraciones breves ;
Designación de volumen o secuencia 5
710 2# - ENTRADA AGREGADA--NOMBRE DE ENTIDAD CORPORATIVA
Nombre de entidad corporativa o nombre de jurisdicción como elemento de entrada Institución "Fernando el Católico"
9 (RLIN) 4721
830 0# - PUNTO DE ACCESO ADICIONAL DE SERIE-TÍTULO UNIFORME
Título uniforme Narraciones breves ;
Designación de volumen o secuencia 5
9 (RLIN) 221081
852 ## - LOCALIZACIÓN
Ubicación ES-MaACL
Número de control de estantería L-4006
Sublocalización o colección R.104592
852 ## - LOCALIZACIÓN
Ubicación ES-MaACL
Número de control de estantería L-4008
Sublocalización o colección R.104675
Holdings
Estatus retirado Estado de pérdida Estado de daño No para préstamo Biblioteca de origen Biblioteca actual Ubicación en estantería Fecha de adquisición Fuente de adquisición Total de préstamos Signatura topográfica completa Código de barras Visto por última vez Precio de reemplazo Tipo de ítem Koha
        Biblioteca del Ateneo de Madrid Biblioteca del Ateneo de Madrid Depósito 2 17/01/2008     L-4008 1155876 23/02/2023 23/02/2023 Libro impreso
        Biblioteca del Ateneo de Madrid Biblioteca del Ateneo de Madrid Depósito 2 17/01/2008     L-4006 1155875 23/02/2023 23/02/2023 Libro impreso